Economy and Property Market Update February 2024 (Record no. 121896)
[ view plain ]
| 000 -LEADER | |
|---|---|
| fixed length control field | 01132nam a22002057a 4500 |
| 008 - FIXED-LENGTH DATA ELEMENTS--GENERAL INFORMATION | |
| fixed length control field | 240408s2024 xxk|||||o|||| 00| 0 eng d |
| 041 ## - LANGUAGE CODE | |
| Language code of text/sound track or separate title | eng |
| 110 ## - MAIN ENTRY--CORPORATE NAME | |
| Corporate author | Royal Institution of Chartered Surveyors |
| 245 ## - TITLE STATEMENT | |
| Title | Economy and Property Market Update February 2024 |
| Medium | [Electronic resource] |
| 260 ## - PUBLICATION INFORMATION | |
| Place of publication | London, |
| Publisher | Royal Institution of Chartered Surveyors, |
| Date | February 2024 |
| 520 ## - ABSTRACT | |
| Abstract | The Economy and Property Market Update is a new quarterly assessment of key macro, real estate and construction trends. It is designed to provide a concise summary of both recent market newsflow and expectations. In this report easing inflation and subdued macro environment points to lower base rates as the year wears on |
| 650 ## - KEYWORDS | |
| Keywords | ECONOMICS |
| 650 ## - KEYWORDS | |
| Keywords | STATISTICS |
| 651 ## - SUBJECT ADDED ENTRY--GEOGRAPHIC NAME | |
| Geographic name | United Kingdom |
| 700 ## - ADDED PERSONAL NAME | |
| Added personal author | Parsons, Tarrant |
| 700 ## - ADDED PERSONAL NAME | |
| Added personal author | Rubinsohn, Simon |
| 710 ## - ADDED CORPORATE NAME | |
| Added corporate author | Royal Institution of Chartered Surveyors |
| 856 ## - ONLINE RESOURCE | |
| Uniform Resource Identifier | <a href="https://www.rics.org/content/dam/ricsglobal/documents/market-surveys/uk-economy-and-property-market-update/RICS-Economy-and-Property-Market-Update-February-2024.pdf">https://www.rics.org/content/dam/ricsglobal/documents/market-surveys/uk-economy-and-property-market-update/RICS-Economy-and-Property-Market-Update-February-2024.pdf</a> |
| Public note | Available free on RICS.org |
| 942 ## - ADDED ENTRY ELEMENTS (KOHA) | |
| Suppress in OPAC | Do not suppress in OPAC |
| Lost status | Damaged status | Not for loan | Current library | Shelving location | Date acquired | Total Checkouts | Full call number | Date last seen | Price effective from | Koha item type |
|---|---|---|---|---|---|---|---|---|---|---|
| Virtual | Online | 08/04/2024 | PROPERTY MARKET DATA | 08/04/2024 | 08/04/2024 | Online material |